000 01612cam a22003614a 4500
999 _c27770
_d27770
003 BJBSDDR
005 20230410103903.0
007 ta
008 030311s2003 nyuab 000 0 eng
020 _a0345461924 (pbk.)
035 _a13119978
035 _a(DLC) 2003103713
040 _aDLC
_cDLC
_bspa
041 _aspa
042 _apcc
043 _aa-is---
_aaw-----
050 0 0 _a416 DS 127
_bO66s 2003
082 0 0 _a956.046
_222
100 1 _aOren, Michael B.,
_d1955-
245 1 0 _aSix days of war :
_bJune 1967 and the making of the modern Middle East /
_cMichael B. Oren.
250 _a1st Presidio Press ed.
260 _aNew York :
_bBallantine Books,
_c2003.
300 _axv, 460 p. :
_bill., maps ;
_c24 cm.
500 _a"A Presidio Press book"--T.p. verso.
520 _aIn one of the most valuable recent works on this subject, Oren, a scholar and Senior Fellow at the Shalem Center, Jerusalem, details events from the Six Day War known in the Arab world as Al-Naksah or simply the June war. "This is not only the best book so far written on the Six-Day War, it is likely to remain the best."--"The Washington Post Book World."
650 0 _aIsrael-Arab War, 1967.
650 4 _aGuerra árabe-israelí
_93735
_y1967-1993.
651 4 _93733
_aMedio Oriente.
856 4 2 _3Contributor biographical information
_uhttp://www.loc.gov/catdir/bios/random055/2003103713.html
856 4 1 _3Sample text
_uhttp://www.loc.gov/catdir/samples/random043/2003103713.html
856 4 2 _3Publisher description
_uhttp://www.loc.gov/catdir/description/random048/2003103713.html
942 _2lcc
_cBK